| 000 | 01577nam0a22003011 4500 | ||
|---|---|---|---|
| 001 | rc\2735319 | ||
| 005 | 20250529135300.0 | ||
| 035 | _a(NLR Aleph) 006862644 | ||
| 090 |
_a6863862 _c6863862 |
||
| 100 | _a20110915d1937 |||y0rusy50 ca | ||
| 101 | 0 | _arus | |
| 102 | _aRU | ||
| 105 | _ae z ||||| | ||
| 200 | 1 |
_aМатериалы по истории волнений на крепостных мануфактурах в XVIII веке _f[Предисл.: А. В. Предтеченский] _gАкад. наук СССР. Ин-т истории _gНад выявлением и оформлением материалов работали: Н. Г. Богданова, И. В. Мешалин, Р. Б. Мюллер и Н. С. Чаев |
|
| 210 |
_aМосква _aЛенинград _cИзд-во Акад. наук СССР _d1937 _eЛенинград _gтип. Акад. наук СССР |
||
| 215 |
_aПереплет, XXVII, 468 с. _d26х17 см. |
||
| 300 | _aИз введения: "Над выявлением и оформлением материалов работали: Н. Г. Богданова, И. В. Мешалин, Р. Б. Мюллер и Н. С. Чаев" | ||
| 702 | 1 |
_aМешалин _bИ.В. _4220 |
|
| 702 | 1 |
_aМюллер _bР.Б. _4220 |
|
| 702 | 1 |
_aЧаев _bН.С. _4220 |
|
| 702 | 1 |
_aБогданова _bН.Г. _4220 |
|
| 702 | 1 |
_aПредтеченский _bА.В. _gАнатолий Васильевич _4080 |
|
| 801 | 0 |
_aRU _bNLR _gpsbo |
|
| 801 | 1 |
_aRU _bELAR _2rusmarc |
|
| 852 |
_aNLR _j37-5/308 |
||
| 942 | _cBOOK | ||
| 980 | _aNB | ||